Gaza in crisis : (Record no. 15189)
[ view plain ]
| 000 -LEADER | |
|---|---|
| fixed length control field | 01878cam a2200349 a 4500 |
| 001 - CONTROL NUMBER | |
| control field | 16445619 |
| 005 - DATE AND TIME OF LATEST TRANSACTION | |
| control field | 20170105102912.0 |
| 008 - FIXED-LENGTH DATA ELEMENTS--GENERAL INFORMATION | |
| fixed length control field | 100903s2010 ilu b 001 0 eng |
| 010 ## - LIBRARY OF CONGRESS CONTROL NUMBER | |
| LC control number | 2010037166 |
| 020 ## - INTERNATIONAL STANDARD BOOK NUMBER | |
| International Standard Book Number | 9781608460977 (alk. paper) |
| 020 ## - INTERNATIONAL STANDARD BOOK NUMBER | |
| International Standard Book Number | 1608460975 (alk. paper) |
| 035 ## - SYSTEM CONTROL NUMBER | |
| System control number | (OCoLC)ocn601128286 |
| 040 ## - CATALOGING SOURCE | |
| Original cataloging agency | DLC |
| Transcribing agency | DLC |
| Modifying agency | BTCTA |
| -- | ZPX |
| -- | C#P |
| -- | CDX |
| -- | QBX |
| -- | VP@ |
| -- | YDXCP |
| -- | BWX |
| -- | YU6 |
| -- | DLC |
| 042 ## - AUTHENTICATION CODE | |
| Authentication code | pcc |
| 043 ## - GEOGRAPHIC AREA CODE | |
| Geographic area code | a-is--- |
| -- | awgz--- |
| -- | ma----- |
| 050 00 - LIBRARY OF CONGRESS CALL NUMBER | |
| Classification number | DS119.76 |
| Item number | .P368 2010 |
| 082 00 - DEWEY DECIMAL CLASSIFICATION NUMBER | |
| Classification number | 956.9405/4 |
| Edition number | 22 |
| 100 1# - MAIN ENTRY--PERSONAL NAME | |
| Personal name | Pappé, Ilan. |
| 245 10 - TITLE STATEMENT | |
| Title | Gaza in crisis : |
| Remainder of title | reflections on Israel's war against the Palestinians / |
| Statement of responsibility, etc. | Ilan Pappé and Noam Chomsky ; edited by Frank Barat. |
| 260 ## - PUBLICATION, DISTRIBUTION, ETC. | |
| Place of publication, distribution, etc. | Chicago, Ill. : |
| Name of publisher, distributor, etc. | Haymarket Books : |
| -- | Trade distribution in the U.S., Consortium Book Sales, |
| Date of publication, distribution, etc. | 2010. |
| 300 ## - PHYSICAL DESCRIPTION | |
| Extent | 242 p. ; |
| Dimensions | 20 cm. |
| 504 ## - BIBLIOGRAPHY, ETC. NOTE | |
| Bibliography, etc. note | Includes bibliographical references and index. |
| 505 0# - FORMATTED CONTENTS NOTE | |
| Formatted contents note | Introduction / Frank Barat -- The fate of Palestine: an interview with Noam Chomsky -- Clusters of history: U.S. involvement in the Palestine question / Ilan Pappe -- State of denial: Nakbah in Israeli history and today / Ilan Pappe -- "Exterminate all the brutes": Gaza 2009 / Noam Chomsky -- Blueprint for a one-state movement: a troubled history / Ilan Pappe -- The ghettoization of Palestine: a dialogue with Ilan Pappe and Noam Chomsky -- The killing fields of Gaza 2004-2009 / Ilan Pappe -- A Middle East peace that could happen (but won't) / Noam Chomsky. |
| 650 #0 - SUBJECT ADDED ENTRY--TOPICAL TERM | |
| Topical term or geographic name entry element | Arab-Israeli conflict |
| Chronological subdivision | 1993- |
| 651 #0 - SUBJECT ADDED ENTRY--GEOGRAPHIC NAME | |
| Geographic name | Israel |
| General subdivision | Politics and government |
| Chronological subdivision | 1993- |
| 651 #0 - SUBJECT ADDED ENTRY--GEOGRAPHIC NAME | |
| Geographic name | Gaza Strip |
| General subdivision | Politics and government |
| Chronological subdivision | 21st century. |
| 700 1# - ADDED ENTRY--PERSONAL NAME | |
| Personal name | Chomsky, Noam. |
| 700 1# - ADDED ENTRY--PERSONAL NAME | |
| Personal name | Barat, Frank. |
| 906 ## - LOCAL DATA ELEMENT F, LDF (RLIN) | |
| a | 7 |
| b | cbc |
| c | orignew |
| d | 1 |
| e | ecip |
| f | 20 |
| g | y-gencatlg |
| 942 ## - ADDED ENTRY ELEMENTS (KOHA) | |
| Source of classification or shelving scheme | |
| Koha item type | Book |
| Withdrawn status | Lost status | Damaged status | Not for loan | Collection code | Permanent Location | Current Location | Shelving location | Date acquired | Total Checkouts | Total Renewals | Full call number | Barcode | Date last seen | Date last checked out | Price effective from | Koha item type |
|---|---|---|---|---|---|---|---|---|---|---|---|---|---|---|---|---|
| Centre for International Peace & Stability (CIPS) | Centre for International Peace & Stability (CIPS) | General Stacks | 09/27/2013 | 1 | 1 | 956.94054 PAP 2010 | CIPS0001255 | 11/21/2025 | 10/02/2025 | 11/07/2013 | Book |
